Normal view
MARC view
- Kieso,Donald E / Weygandt,Jerry J ؛ prepared : Falcetto,Larry
Entry Personal Name
001 - CONTROL NUMBER
- control field: 3651
003 - CONTROL NUMBER IDENTIFIER
- control field: JO-AjAnu
005 - DATE AND TIME OF LATEST TRANSACTION
- control field: 20230606070912.0
008 - FIXED-LENGTH DATA ELEMENTS
- fixed length control field: 230606|| aca||aabn | a|a d
040 ## - CATALOGING SOURCE
- Original cataloging agency: JO-AjAnu
- Transcribing agency: JO-AjAnu
100 ## - HEADING--PERSONAL NAME
- Personal name: Kieso,Donald E / Weygandt,Jerry J ؛ prepared : Falcetto,Larry
670 ## - SOURCE DATA FOUND
- Source citation: Work cat.: (JO-AjAnu)1904: Kieso,Donald E / Weygandt,Jerry J ؛ prepared : Falcetto,Larry, author, Intermediate Accounting vol.2